| 000 | 003870000a22001690004500 | ||
|---|---|---|---|
| 003 | LK-CoMWRAF | ||
| 008 | 230817t ||||| |||| 00| 0 eng d | ||
| 040 |
_aLK-CoMWRAF _dLK-CoMWRAF _eLK-CoMWRAF |
||
| 041 | _aeng | ||
| 082 |
_a400 _bCHE |
||
| 100 | _aCheran | ||
| 245 |
_aUyir Kollum Varthaigal _b |
||
| 260 |
_aIndia _bKalachuvasu _c |
||
| 300 | _ap.223 | ||
| 650 | _aTamil | ||
| 942 | _cBK | ||
| 999 |
_c585 _d585 |
||